000 01982cam a2200577 i 4500
001 11955
003 KOSZ 005
005 20240830062919.0
008 240829s1969 pl g 001 0 pol
015 _aUWD 1969/6201
035 _a991038341339705066
035 _a(PL-WaBN)b20267629-48omnis_nlop
035 _ab20267629
035 _a(OCoLC)838926980
035 _azz2006871373
035 _a(PL)b0000002026762
035 _a(EXLNZ-48OMNIS_NETWORK)9910438526705606
040 _aWA N
_cWA N
_dKOSZ 005/RW
045 _bd1921
_bd1937
046 _k1969
080 _a94(438).081
080 _a329.14(438)
100 1 _aKawecka, Krystyna
_eAutor
245 1 0 _aNiezależna Socjalistyczna Partia Pracy 1921-1937 /
_cKrystyna Kawecka ; Zakład Historii Partii przy KC PZPR.
250 _aWydanie I.
260 _aWarszawa :
_bKsiążka i Wiedza,
_c1969.
300 _a352, [4] strony ;
_c20 cm.
336 _aTekst
_btxt
_2rdacontent
337 _aBez urządzenia pośredniczącego
_bn
_2rdamedia
338 _aWolumin
_bnc
_2rdacarrier
380 _aKsiążki
380 _aPublikacje naukowe
388 1 _a1901-2000
388 1 _a1945-1989
504 _aBibliografia na stronach 333-[341]. Indeks.
610 2 7 _aNiezależna Socjalistyczna Partia Pracy
_2DBN
648 7 _a1901-2000
648 7 _a1918-1939
650 7 _aPartie polityczne
_2DBN
650 7 _aPolityka wewnętrzna
_2DBN
650 7 _aSocjalizm
_2DBN
651 7 _aPolska
_2DBN
655 7 _aMonografia
658 _aHistoria
658 _aPolityka, politologia, administracja publiczna
710 2 _aZakład Historii Partii KC PZPR
710 2 _aSpółdzielnia Wydawniczo-Handlowa "Książka i Wiedza"
_4pbl
856 _uhttps://koha.tu.koszalin.pl/cgi-bin/koha/opac-detail.pl?biblionumber=11955
_yKatalog online BPK
942 _2UKD
_cKS
999 _c11955
_d11955